书目信息 |
| 题名: |
咨询心理学
|
|
| 作者: | 刘华山 , 江光荣 主编 | |
| 分册: | ||
| 出版信息: | 上海 华东师范大学出版社 2010.01 |
|
| 页数: | 253页 | |
| 开本: | 26cm | |
| 丛书名: | ||
| 单 册: | ||
| 中图分类: | R395.6 | |
| 科图分类: | ||
| 主题词: | 心理咨询--xin li zi xun--高等学校--教材 | |
| 电子资源: | ||
| ISBN: | 978-7-5617-6898-3 | |
| 000 | 00906nam0 2200265 450 | |
| 001 | 012010215783 | |
| 005 | 20100412085321.71 | |
| 010 | @a978-7-5617-6898-3@dCNY31.00 | |
| 100 | @a20100412d2010 em y0chiy0120 ea | |
| 101 | 0 | @achi |
| 102 | @aCN@b310000 | |
| 105 | @ay a 000yy | |
| 106 | @ar | |
| 200 | 1 | @a咨询心理学@Azi xun xin li xue@f刘华山, 江光荣主编@Fliu hua shan,jiang guang rong zhu bian |
| 210 | @a上海@c华东师范大学出版社@d2010.01 | |
| 215 | @a253页@d26cm | |
| 300 | @a高等学校心理专业课教材 | |
| 320 | @a有书目 (第250-253页) | |
| 330 | @a本书主要内容包括:心理咨询概述,咨询员,心理咨询中专业、道德和法律问题,心理动力学的心理咨询理论和体系等。 | |
| 606 | 0 | @a心理咨询@Axin li zi xun@x高等学校@j教材 |
| 690 | @aR395.6@v4 | |
| 701 | 0 | @a刘华山@Aliu hua shan@4主编 |
| 701 | 0 | @a江光荣@Ajiang guang rong@4主编 |
| 801 | 0 | @aCN@bQSSK@c20100412 |
| 905 | @b777413-15@dR395.6@eL626@f3 | |
| 咨询心理学/刘华山, 江光荣主编.-上海:华东师范大学出版社,2010.01 |
| 253页;26cm |
| 高等学校心理专业课教材 |
| ISBN 978-7-5617-6898-3:CNY31.00 |
| 本书主要内容包括:心理咨询概述,咨询员,心理咨询中专业、道德和法律问题,心理动力学的心理咨询理论和体系等。 |
| ● |
| 相关链接 |
|
|
|
正题名:咨询心理学
索取号:R395.6/L626
 
预约/预借
| 序号 | 登录号 | 条形码 | 馆藏地/架位号 | 状态 | 备注 |
| 1 | 777413 | 207774130 | 自科库401/401自科库 15排4列2层/ [索取号:R395.6/L626] | 在馆 | |
| 2 | 777414 | 207774149 | 自科库401/401自科库 15排4列2层/ [索取号:R395.6/L626] | 在馆 | |
| 3 | 777415 | 207774158 | 自科库401/401自科库 15排4列2层/ [索取号:R395.6/L626] | 在馆 |